YES YOU CAN ADVICE FOR TEACHERS WHO WANT (Record no. 23303)

MARC details
000 -LEADER
fixed length control field 00360nam a2200133Ia 4500
008 - FIXED-LENGTH DATA ELEMENTS--GENERAL INFORMATION
fixed length control field 240624s9999 xx 000 0 und d
041 ## - LANGUAGE CODE
Language code of text/sound track or separate title eng
082 ## - DEWEY DECIMAL CLASSIFICATION NUMBER
Classification number 153.8 THO
100 ## - MAIN ENTRY--PERSONAL NAME
Personal name THOMPSON GAIL L
245 ## - TITLE STATEMENT
Title YES YOU CAN ADVICE FOR TEACHERS WHO WANT
260 ## - PUBLICATION, DISTRIBUTION, ETC.
Date of publication, distribution, etc. 2014
Place of publication, distribution, etc. London
Name of publisher, distributor, etc. Corwin (Sage Company)
300 ## - PHYSICAL DESCRIPTION
Extent xiii, : 208 : p. : cm. ; 27
365 ## - TRADE PRICE
Currency code
Price amount 25
Holdings
Withdrawn status Lost status Damaged status Not for loan Home library Current library Shelving location Date acquired Source of acquisition Cost, normal purchase price Full call number Barcode Date last seen Copy number Price effective from Koha item type
        IMTN IMTN Rack 2-B 09/30/2014 RW 32.95 153.8 THO 23303 06/24/2024 64.2 06/24/2024 Books
Designed & Maintained by: LRC IMT Nagpur Contact: lrc@imtnag.ac.in© 2024. All Rights Reserved.